NTA UGC 2026 NET SET JRF: (Record no. 216232)

MARC details
000 -LEADER
fixed length control field 00709nam a22002057a 4500
005 - DATE AND TIME OF LATEST TRANSACTION
control field 20260518111122.0
010 ## - LCCN (DPL NO)
LC control number ENG-148506
020 ## - INTERNATIONAL STANDARD BOOK NUMBER
International Standard Book Number 9789371361200
Terms of availability 680.00
035 ## - SYSTEM CONTROL NUMBER
System control number EN-132038
037 ## - SOURCE OF ACQUISITION
Source of stock number/acquisition DBAD
082 ## - DEWEY DECIMAL CLASSIFICATION NUMBER
Classification number 370
Edition number 4
100 ## - MAIN ENTRY--PERSONAL NAME
Personal name Dawar, Heena
245 ## - TITLE STATEMENT
Title NTA UGC 2026 NET SET JRF:
Remainder of title Education/
Statement of responsibility, etc Heena Dawar
250 ## - EDITION STATEMENT
Edition statement 4
260 ## - PUBLICATION, DISTRIBUTION, ETC. (IMPRINT)
Place of publication, distribution, etc Uttar pradesh
Name of publisher, distributor, etc Pearson India Education Service Pvt. Ltd.
Date of publication, distribution, etc 2026
270 ## - ADDRESS
Address 15th Floor, Tower -B, World Trade Tower, PLot No.1, Block-C, Sector 16, Noida
City Noida (Uttar pradesh)
Postal code 201301
Telephone number 044-66540100
Electronic mail address companysecretary.india@pearson.com
300 ## - PHYSICAL DESCRIPTION
Extent vpp. :
Dimensions 25cm(pb)
500 ## - GENERAL NOTE
General note Paper II
942 ## - ADDED ENTRY ELEMENTS (KOHA)
Source of classification or shelving scheme Dewey Decimal Classification
Item type English Books
Classification part 370
Call number suffix DAW
Holdings
Withdrawn status Lost status Not for loan Collection code Home library Current library Date acquired Source of acquisition Cost, normal purchase price Full call number Barcode Copy number Cost, replacement price Koha item type
    Not For Loan Non-fiction D.B.Act.Division D.B.Act.Division 18/05/2026 Delivery of Books Act Division 680.00 370 DAW EN-132038 1 680.00 English Books

© Delhi Public Library
Hit Counter
free hit counter